00783nam a2200241 a 450000100060000000300080000600500170001400800410003103500350007204000420010704100080014908200220015710000380017924500570021724600200027426000480029430000270034249000290036950400410039865000490043970000240048883000290051235626BD-RjUL20211209052344.0140228s1962 enk b 000 0 eng d a(OCoLC)1382301a(BD-RjUL)35721 aORLdm.cdOCLdWRScDLCdBD-RjULbeng aeng00a822.33bSHK 19621 aShakespeare, William,d1564-1616.10aKing Henry the Eighth /cedited by G E Hollingworth. aKing Henry VIII aLondon :bUniversity Tutorial Press,c1962. axxxi, 154 p. ;c18 cm.1 aThe Tutorial Shakespeare aIncludes bibliographical references. aHenry VIII, King of England, 1491-1547 Drama1 aHollingworth, G. E. aThe Tutorial Shakespeare